000 00465nam a2200181Ia 4500
001 19394
005 20260306172650.0
008 260306t2000||||xx |||||||||||||| ||spa||
041 _aESP
082 _a659.1
_bF49
100 _aFigueroa Bermúdez, Romeo Antonio
_eAUT
245 0 _aCómo hacer publicidad:
_bun enfoque teórico-práctico
260 _c2000
300 _a407 páginas :
_c23 cm.
650 _aGEN
654 _aCAN
942 _cLIB
_dJUS
_fJUS
_2ddc
_n
999 _c19394
_d19394